| 000 | 00561nam a2200193 i 4500 | ||
|---|---|---|---|
| 001 | 77260 | ||
| 003 | ES-MaACL | ||
| 005 | 20251003185046.0 | ||
| 007 | t| | ||
| 008 | 041007s1971 sp ||||1| spa d | ||
| 100 | 1 |
_aHabe, Hans. _961370 |
|
| 245 | 1 | 3 |
_aLa corriente envenenada / _cpor Hans Habe ; [traducción de Manuel Vázquez]. |
| 250 | _a[1ª ed.]. | ||
| 260 |
_a[Barcelona] : _bPlaza & Janés, _c[1971] |
||
| 300 |
_a464 p. ; _c20 cm. |
||
| 700 | 1 |
_aVázquez Tomás, Manuel _9113375 |
|
| 852 |
_aES-MaACL _jC-39232 _bR.78791 |
||
| 999 |
_c77260 _d77260 |
||